| 000 | 00353nam a2200145Ia 4500 | ||
|---|---|---|---|
| 008 | 230917s9999||||xx |||||||||||||| ||und|| | ||
| 040 |
_e65108 _aMAIN |
||
| 041 | _aEnglish | ||
| 082 | _a543 A13M:P | ||
| 100 | _aMay, R W | ||
| 245 | 0 | _aPyrolysis-gas chromatography | |
| 260 |
_aLondon _bChemical Society _c1977 |
||
| 300 | _avii, 109 p. | ||
| 942 | _cBK | ||
| 999 |
_c224065 _d224065 |
||